Mélanges offerts à Marcel Waline (Registro nro. 313077)

Detalles MARC
000 -ENCABEZADO
Número de control [NR] 00579 a2200157 4500
005 - FECHA Y HORA DE LA ÚLTIMA TRANSACCIÓN
control field 20190902114442.0
008 - DE LONGITUD FIJA DE DATOS DE ELEMENTOS - INFORMACIÓN GENERAL
Elementos de longitud fija [NR] 190610b1974 fr ||||| |||| 00| 0 fre d
040 ## - FUENTE DE CATALOGACION [NR]
Agencia de catalogación original [NR] CO-BoUCM
Idioma de catalogación [NR] spa
Quien Cataloga Oscar Ávila (modificó)
Quien Clasifica Oscar Ávila (modificó)
041 0# - CODIGO DE IDIOMA [R]
Código de idioma para texto/pista de sonido o título separado [R] Francés
100 10 - ASIENTO PRINCIPAL--NOMBRE PERSONAL [NR]
Nombre personal [NR] Waline, Marcel
ID Autoridad 97006
245 10 - MENCION DE TITULO [NR]
Título [NR] Mélanges offerts à Marcel Waline
Parte restante del título [NR] le juge et le droit public
Mención de responsabilidad, etc. [NR] Marcel Waline
260 ## - PUBLICACION, DISTRIBUCION, ETC. (PIE DE IMPRENTA) [R]
Nombre del editor, distribuidor, etc. [R] Librairie generale de droit et de jurisprudence
Fecha de publicación, distribución, etc. [R] 1974
Lugar de publicación, distribución, etc. [R] Paris
Fecha de fabricación [R] 1974
650 #7 - ASIENTO SECUNDARIO DE MATERIA - TERMINO TEMATICO [R]
9 (RLIN) 7494
Término temático o nombre geográfico como elemento de entrada [NR] Derecho
942 ## - ELEMENTOS DE ENTRADA AGREGADOS (KOHA)
Tipo de ítem principal el descrito en 300a Libro
Sistema de clasificación DEWEY
Tema principal Derecho
Edición 1
Clasificación 340
Parte restante de la signatura top. W176m
Existencias
Total préstamos Signatura topográfica Código de barras Última vez visto Volúmen / Fascículo Ejemplar Costo de reposición Price effective from Tipo de ítem Perdido Sistema de clasificación Dañado No prestable Tipo de ítem específico Suprimido Ubicación habitual Ubicación actual Localización Fecha de creación Proveedor Forma de adquisición Costo
  340 W176m 100161033 09/12/2024 T.1 Ej.1 26000.00 07/06/2019 Libro   DEWEY     Libro   BodegaJK Claustro Préstamo 2 días después de solicitado 07/06/2019 12 Donación 0.00
  340 W176m 100161034 09/12/2024 T.2 Ej.1 26000.00 07/06/2019 Libro   DEWEY     Libro   BodegaJK Claustro Préstamo 2 días después de solicitado 07/06/2019 12 Donación 0.00